[Event "10th EICC"]
[Site "Budva MNE"]
[Date "2009.03.09"]
[Round "4"]
[White "Maevsky,N"]
[Black "Berbatov,K"]
[Result "1/2-1/2"]
[WhiteElo "2223"]
[BlackElo "2392"]
[EventDate "2009.03.06"]

1. Nf3 Nf6 2. c4 g6 3. Nc3 Bg7 4. e4 d6 5. d4 O-O 6. Be2 e5 7. Be3 Ng4 8.
Bg5 f6 9. Bc1 exd4 10. Nxd4 f5 11. h3 Ne5 12. exf5 gxf5 13. Nd5 Ng6 14. h4
c6 15. Bg5 Qd7 16. h5 cxd5 17. hxg6 hxg6 18. Bf3 Re8+ 19. Kf1 Re4 20. Bxe4
dxe4 21. Nb5 Na6 22. Nxd6 Qe6 23. Qd5 Nb4 24. Qxe6+ Bxe6 25. Ke2 Be5 26.
Rad1 Nd3 27. c5 Nxc5 28. b3 b6 29. Nc4 Bxc4+ 30. bxc4 Nd3 31. Rh6 Kg7 32.
Rdh1 Nf4+ 33. Bxf4 Bxf4 34. Rh7+ Kf6 35. Rh8 Rxh8 36. Rxh8 Bd6 37. Rh7 a5
38. f3 exf3+ 39. Kxf3 Bc5 40. Rd7 Kg5 41. Rd5 Bg1 42. Rd6 Bc5 43. Re6 Bg1
44. Ke2 Kh5 45. Kf3 Kg5 46. g3 Bc5 47. Re1 Bb4 48. Rb1 Bc5 49. Rb2 Bd4 50.
Rg2 Be5 51. g4 fxg4+ 52. Rxg4+ Kf5 1/2-1/2

[Event "10th EICC"]
[Site "Budva MNE"]
[Date "2009.03.09"]
[Round "4"]
[White "Nestorovic,L"]
[Black "Lekic,D"]
[Result "0-1"]
[WhiteElo "2207"]
[BlackElo "2390"]
[EventDate "2009.03.06"]

1. e4 c5 2. Nf3 d6 3. d4 cxd4 4. Nxd4 Nf6 5. Nc3 Nc6 6. Bc4 e6 7. Be3 a6 8.
Bb3 Be7 9. Qe2 Qc7 10. O-O-O Na5 11. g4 b5 12. g5 Nxb3+ 13. axb3 Nd7 14. h4
b4 15. Na4 Nc5 16. Kb1 Bd7 17. h5 Nxa4 18. bxa4 Bxa4 19. f4 Bd7 20. f5 e5
21. Nf3 b3 22. cxb3 Qb7 23. Bc1 Qxb3 24. Qd3 Qxd3+ 25. Rxd3 Bc6 26. Re1
O-O-O 27. h6 gxh6 28. f6 Bf8 29. gxh6 Rd7 30. Nh4 Rg8 31. Nf5 Rg6 32. Rg3
Rb7 33. Bd2 Kd7 34. Bc3 Rxf6 35. Rg8 Bxh6 36. Rh8 Bxe4+ 37. Rxe4 Rxf5 38.
Rxh7 Bf4 0-1

[Event "10th EICC"]
[Site "Budva MNE"]
[Date "2009.03.09"]
[Round "4"]
[White "Pantic,I"]
[Black "Chudinovskikh,A"]
[Result "0-1"]
[WhiteElo "2193"]
[BlackElo "2379"]
[EventDate "2009.03.06"]

1. d4 Nf6 2. c4 e6 3. Nf3 c5 4. d5 exd5 5. cxd5 d6 6. Nc3 g6 7. Bf4 a6 8.
e4 Bg7 9. Qa4+ Bd7 10. Qb3 b5 11. Bxd6 b4 12. Nd1 Nxe4 13. Qe3 Bf5 14. Bxc5
Qxd5 15. Rc1 Nd7 16. Bxb4 Qb7 17. Qa3 a5 18. Be7 Ne5 19. Nxe5 Bxe5 20. f3
Qxe7 21. Bb5+ Kf8 22. Qxe7+ Kxe7 23. fxe4 Bxe4 24. O-O Rac8 25. Nf2 Bd5 26.
Rce1 Kd6 27. Ne4+ Kc7 28. b3 Kb6 29. Bd3 f5 30. Nd2 Bd4+ 31. Kh1 Rc3 32.
Bc4 Bc6 33. Re6 Re8 34. Nf3 Rxe6 35. Bxe6 Bc5 36. a4 Rc2 37. h4 Be4 38. Bc4
h6 39. Kh2 g5 40. hxg5 hxg5 41. Ne1 Rd2 42. Be6 Bd6+ 43. Kh3 Re2 44. Bxf5
Bxf5+ 45. Rxf5 Rxe1 46. Rb5+ Ka6 47. Kg4 Bf4 48. b4 axb4 49. Rxb4 Rg1 50.
Kf3 Ka5 51. Re4 Ra1 52. Rc4 Ra3+ 53. Ke2 Rxa4 54. Rc3 Kb4 55. Rc8 Ra2+ 56.
Kf3 Ra3+ 57. Ke2 Rc3 58. Re8 Kc4 59. Rd8 Re3+ 60. Kf2 Rd3 61. Rc8+ Kd4 62.
Rd8+ Ke4 63. Rxd3 Kxd3 64. Kg1 Ke2 65. Kh1 Kf2 66. g4 Kg3 67. Kg1 0-1

[Event "10th EICC"]
[Site "Budva MNE"]
[Date "2009.03.09"]
[Round "4"]
[White "Lamoureux,C"]
[Black "Civric,Z"]
[Result "1-0"]
[WhiteElo "2374"]
[BlackElo "2206"]
[EventDate "2009.03.06"]

1. e4 c5 2. Nf3 Nc6 3. Nc3 g6 4. d4 cxd4 5. Nxd4 Bg7 6. Nb3 Nf6 7. Be2 O-O
8. O-O d6 9. Bg5 a5 10. a4 Be6 11. f4 Rc8 12. Kh1 Nb4 13. Nd4 Bc4 14. Ndb5
Re8 15. Bd3 Qb6 16. Qe2 Bxd3 17. cxd3 Nd7 18. f5 Nc5 19. Rf3 Nd7 20. Raf1
Ne5 21. Rh3 Qd8 22. d4 Nec6 23. Qf2 f6 24. Qh4 e5 25. Qxh7+ Kf8 26. fxg6
Nxd4 1-0

[Event "10th EICC"]
[Site "Budva MNE"]
[Date "2009.03.09"]
[Round "4"]
[White "Ceranic,M"]
[Black "Erturan,Y"]
[Result "0-1"]
[WhiteElo "2147"]
[BlackElo "2372"]
[EventDate "2009.03.06"]

1. e4 g6 2. Nf3 c5 3. d4 cxd4 4. Nxd4 Bg7 5. c4 Nc6 6. Be3 Nf6 7. Nc3 d6 8.
Be2 O-O 9. Qd2 Bd7 10. f3 Nxd4 11. Bxd4 Bc6 12. O-O Nd7 13. Be3 a5 14. b3
Nc5 15. Rac1 b6 16. Rfd1 Qb8 17. Nd5 Re8 18. Bg5 Ra7 19. Bd3 f6 20. Be3 e6
21. Nc3 f5 22. exf5 gxf5 23. Bb1 Rd7 24. Bf4 Qd8 25. Bg5 Bf6 26. Bxf6 Qxf6
27. Qe3 Qg6 28. Re1 Kh8 29. Rcd1 Rg7 30. Rd2 Qh5 31. Rf1 Reg8 32. Rff2 Rd8
33. Qf4 Rgd7 34. Qd4+ e5 35. Qe3 f4 36. Qe1 Ne6 37. Be4 Rg7 38. Qd1 Nd4 39.
Bd5 Nf5 40. Rfe2 Rf8 41. Be6 Nd4 42. Bd5 0-1

[Event "10th EICC"]
[Site "Budva MNE"]
[Date "2009.03.09"]
[Round "4"]
[White "Onoprienko,V"]
[Black "Kadric,D"]
[Result "1-0"]
[WhiteElo "2372"]
[BlackElo "1982"]
[EventDate "2009.03.06"]

1. e4 c5 2. Nc3 d6 3. Nf3 Nf6 4. d4 cxd4 5. Nxd4 a6 6. a4 e5 7. Nf3 h6 8.
Bc4 Be7 9. h3 O-O 10. Be3 Be6 11. Bd5 Qc7 12. O-O Nbd7 13. Nh4 Bxd5 14.
exd5 Nb6 15. Nf5 Nc4 16. Bc1 Rfe8 17. Qf3 Kh8 18. a5 e4 19. Qg3 Bf8 20. b3
Ne5 21. Bb2 Qd7 22. Ne3 Qc7 23. Ra4 Ng6 24. Ng4 Nxg4 25. Qxg4 e3 26. Qe2
Qc5 27. f4 Ne7 28. b4 Qa7 29. f5 Rac8 30. Rf3 Qd4 31. b5 Qc5 32. Qxe3 axb5
33. Qxc5 dxc5 34. Nxb5 Nxd5 35. c4 Nb4 36. f6 g6 37. Ra1 Re2 38. Bc3 Re4
39. Rd1 Rxc4 40. Rd7 Kg8 41. Rxb7 Ra8 42. Nc7 Rxa5 43. Rb8 Re4 44. Bxb4
Rxb4 45. Re8 Ra1+ 46. Kh2 Rab1 47. Rd3 Rb8 48. Rdd8 Rxd8 49. Rxd8 c4 50.
Nd5 Rf1 51. Ne7+ Kh7 52. Rxf8 Rxf6 53. Rc8 Rf4 54. Nd5 Rd4 55. Ne3 Kg7 56.
Nxc4 g5 57. Ne3 Rf4 58. g4 h5 59. Kg3 h4+ 60. Kg2 Ra4 61. Kf3 Rf4+ 62. Ke2
Ra4 63. Rc5 Kg6 64. Rc6+ Kh7 65. Kd3 Ra2 66. Ke4 Rh2 67. Ke5 Re2 68. Ke4
Rh2 69. Kf5 Rxh3 70. Nd5 Ra3 71. Nf6+ Kg7 72. Kxg5 h3 73. Nh5+ Kf8 74. Rc2
Ra5+ 75. Kf4 Ra4+ 76. Kg3 Ra3+ 77. Kh4 Kg8 78. Ng3 Ra6 79. Kxh3 Rh6+ 80.
Kg2 Rg6 81. Kf3 Ra6 82. Kf4 Ra4+ 83. Kg5 Ra5+ 84. Nf5 Ra7 85. Rc6 Rb7 86.
Kf6 Rb4 87. Rc8+ Kh7 88. Rc1 Kg8 89. Ne7+ 1-0

[Event "10th EICC"]
[Site "Budva MNE"]
[Date "2009.03.09"]
[Round "4"]
[White "Sidorenko,I"]
[Black "Pecurica,M"]
[Result "1-0"]
[WhiteElo "2370"]
[BlackElo "1934"]
[EventDate "2009.03.06"]

1. e4 c5 2. Nf3 d6 3. d4 cxd4 4. Nxd4 Nf6 5. Nc3 Nc6 6. g3 g6 7. Nde2 Bg7
8. Bg2 O-O 9. O-O Bd7 10. h3 Rc8 11. Be3 Ne5 12. b3 Rxc3 13. Nxc3 Qc8 14.
Bd4 Bxh3 15. Bxe5 dxe5 16. Qf3 Rd8 17. Bxh3 Qxh3 18. Rad1 Rc8 19. Rd3 h5
20. Rfd1 Kh7 21. Qg2 Qg4 22. f3 Qe6 23. Nd5 Nxd5 24. Rxd5 f5 25. c4 Bh6 26.
R1d3 h4 27. gxh4 Rg8 28. Kh1 Qf6 29. Qh3 fxe4 30. fxe4 Qf2 31. Rd1 Rf8 32.
Qh2 Qe3 33. R5d3 Qxe4+ 34. Qg2 Qf5 35. Rd7 Qf6 36. Qe4 Bf4 37. Kg2 Bg3 38.
Kh3 Bf4 39. R1d6 Qxd6 40. Rxd6 exd6 41. h5 Rf5 42. hxg6+ 1-0

[Event "10th EICC"]
[Site "Budva MNE"]
[Date "2009.03.09"]
[Round "4"]
[White "Simic,V"]
[Black "Kontic,D"]
[Result "0-1"]
[WhiteElo "2064"]
[BlackElo "2369"]
[EventDate "2009.03.06"]

1. c4 e5 2. Nc3 Nc6 3. g3 f5 4. Bg2 Nf6 5. d3 Bb4 6. Bd2 O-O 7. e3 Bxc3 8.
Bxc3 d5 9. Ne2 Be6 10. b3 Qe8 11. O-O Rd8 12. Qc2 Qh5 13. d4 f4 14. dxe5
Ng4 15. h3 f3 16. hxg4 Bxg4 17. Bh1 fxe2 18. Rfc1 Rxf2 19. Kxf2 e1=Q+ 20.
Rxe1 Qh2+ 0-1

[Event "10th EICC"]
[Site "Budva MNE"]
[Date "2009.03.09"]
[Round "4"]
[White "Zolotukhin,V"]
[Black "Masic,P"]
[Result "1-0"]
[WhiteElo "2358"]
[BlackElo "2371"]
[EventDate "2009.03.06"]

1. e4 e6 2. d4 d5 3. Nc3 Nf6 4. Bg5 dxe4 5. Nxe4 Be7 6. Bxf6 gxf6 7. Nf3 f5
8. Nc3 Bf6 9. Qd2 O-O 10. Bc4 c6 11. a4 Nd7 12. g4 Nb6 13. Bd3 c5 14. gxf5
exf5 15. O-O-O cxd4 16. Rhg1+ Kh8 17. Nb5 Be6 18. Qh6 Nd5 19. Nbxd4 Qb6 20.
c3 Rg8 21. Ng5 Bxg5+ 22. Rxg5 Rxg5 23. Qxg5 Rg8 24. Qh6 Rg6 25. Qf8+ Rg8
26. Qh6 Rg6 27. Qd2 Rg2 28. Bc4 Qc5 29. Bxd5 Qxd5 30. Qf4 Rg4 31. Qb8+ Rg8
32. Qxa7 Qe4 33. Nxe6 1-0

[Event "10th EICC"]
[Site "Budva MNE"]
[Date "2009.03.09"]
[Round "4"]
[White "Vujic,M"]
[Black "Schartz,A"]
[Result "1/2-1/2"]
[WhiteElo "2322"]
[BlackElo "2202"]
[EventDate "2009.03.06"]

1. e4 c5 2. c3 d5 3. exd5 Qxd5 4. d4 Nc6 5. Nf3 Bg4 6. Be2 cxd4 7. cxd4 e6
8. Nc3 Bb4 9. O-O Qa5 10. Ne4 Rd8 11. Be3 Nge7 12. a3 Bd6 13. h3 Bxf3 14.
Bxf3 Nd5 15. b4 Qc7 16. Rc1 a6 17. Nc3 Nxe3 18. fxe3 O-O 19. Ne4 Qe7 20.
Nxd6 Rxd6 21. Bxc6 Rxc6 22. Rxc6 bxc6 23. Qh5 f5 24. Qf3 Qd6 25. Rc1 Rc8
26. Rc5 g6 27. Qf4 Qxf4 28. exf4 Kf7 29. Kf2 Ke7 30. Ke3 Kd6 31. Ra5 Ra8
32. Kd3 h6 33. Kc4 Ra7 34. a4 Ra8 35. Kb3 Kd7 36. Kc4 Kd6 37. Kd3 Rb8 38.
Kc3 Ra8 39. Kb3 Kd7 40. Ka3 Kc7 41. b5 cxb5 42. axb5 Kb7 43. Kb4 axb5 44.
Rxa8 Kxa8 45. Kc5 Ka7 46. Kxb5 Kb7 47. Kc5 Kc7 48. d5 exd5 49. Kxd5 Kd7 50.
Ke5 Ke7 51. g3 Kf7 52. Kd5 Ke7 53. Kc5 Kd7 54. Kd5 Ke7 55. Kc6 Ke6 56. Kc5
Kd7 57. Kd5 Ke7 58. Ke5 Kf7 59. Kd6 Kf6 60. Kd7 Kf7 61. h4 h5 62. Kd8 Kf8
63. Kd7 Kf7 64. Kd6 Kf6 65. Kd5 Kf7 66. Kc5 Ke7 67. Kc6 Ke6 68. Kc5 Ke7 69.
Kd5 Kd7 70. Ke5 Ke7 71. Kd5 Kd7 72. Kc5 Kc7 1/2-1/2

[Event "10th EICC"]
[Site "Budva MNE"]
[Date "2009.03.09"]
[Round "4"]
[White "Valenti,G"]
[Black "Sekulic,D"]
[Result "0-1"]
[WhiteElo "2183"]
[BlackElo "2316"]
[EventDate "2009.03.06"]

1. e4 d6 2. d4 Nf6 3. Nc3 g6 4. Nf3 Bg7 5. h3 O-O 6. Bg5 h6 7. Be3 c6 8.
Qd2 Kh7 9. a4 a5 10. g4 Ne8 11. Be2 Nd7 12. h4 e5 13. dxe5 dxe5 14. Bc5 Rh8
15. Bc4 Kg8 16. g5 Qc7 17. Be3 Nb6 18. Bb3 h5 19. O-O-O Bg4 20. Nh2 Bxd1
21. Rxd1 Kh7 22. Bxf7 Qxf7 23. Bxb6 Ra6 24. Bd8 Rf8 25. f3 Qf4 26. Be7 Rf7
27. Qxf4 Rxf4 28. Rd8 Nc7 29. Bf6 Bxf6 30. gxf6 Ne6 31. Rd7+ Kg8 32. Rxb7
Rxh4 33. Re7 Nf8 34. Rg7+ Kh8 35. f4 Rxh2 36. fxe5 Ra8 37. Re7 Rd8 0-1

[Event "10th EICC"]
[Site "Budva MNE"]
[Date "2009.03.09"]
[Round "4"]
[White "Franciskovic,B"]
[Black "Papp,P"]
[Result "1/2-1/2"]
[WhiteElo "2260"]
[BlackElo "2134"]
[EventDate "2009.03.06"]

1. c4 e6 2. Nf3 Nf6 3. g3 d5 4. Bg2 Be7 5. O-O O-O 6. d4 dxc4 7. Qc2 a6 8.
a4 Bd7 9. Qxc4 Bc6 10. Bg5 h6 11. Bxf6 Bxf6 12. Nc3 Nd7 13. a5 Re8 14. e4
Nf8 15. Rfd1 g6 16. Rac1 Rc8 17. Ne1 Bg7 18. Nc2 Qg5 19. Nb4 Bb5 20. Nxb5
axb5 21. h4 bxc4 22. hxg5 c5 23. dxc5 Rxc5 24. Nd3 Rxg5 25. Rxc4 Rxa5 26.
Rb4 Re7 27. Rc1 g5 28. Bf3 Kh7 29. Rc8 Ng6 30. Rb8 Ra7 31. Rb5 Bd4 32. Rd8
e5 33. Bg4 Kg7 34. Kg2 Rc7 35. Rc8 Rxc8 36. Bxc8 b6 37. Bf5 f6 38. Rd5 Kf7
39. Rd7+ Rxd7 40. Bxd7 h5 41. Ba4 h4 42. Bd1 hxg3 43. fxg3 Ke6 44. Bb3+ Kd6
45. Ba4 Ne7 46. Kf3 Nc8 47. Kg4 Ke7 48. Bc6 Nd6 49. b3 Bc5 50. Bd5 Nb5 51.
Nb2 Nd4 52. Na4 Nc2 53. Kf3 Bd4 54. Bc6 Na3 55. b4 Nc4 56. Bd5 Nd6 57. g4
Nb5 58. Ke2 Kd6 59. Kd3 Na7 60. Bb7 Nb5 61. Bd5 Nc7 62. Bf7 Kc6 63. Nc3
Bxc3 64. Kxc3 Nb5+ 65. Kd3 Nd4 66. Kc4 Ne2 67. Bd5+ Kd6 68. Bf7 Ng3 69. Bg6
Ne2 70. Bf7 Nf4 71. Kb5 Kc7 72. Kc4 Kc6 73. Be8+ Kd6 74. Kb5 Kc7 75. Kc4
Kd6 76. Kb5 Nd3 77. Bg6 Kc7 78. Kc4 Nf2 79. Bf5 Kc6 80. Kb3 Nd1 81. Bg6 Ne3
82. Be8+ Kd6 83. Bh5 Ng2 84. Bg6 Nh4 85. Bh5 Nf3 86. Bg6 Nh2 87. Bh5 Nf1
88. Bg6 Ne3 89. Bh5 b5 90. Kc3 Kc6 91. Be8+ Kb6 92. Bh5 Ng2 93. Kd2 Nf4 94.
Bf7 Kc7 95. Be8 Kb6 96. Bf7 1/2-1/2

[Event "10th EICC"]
[Site "Budva MNE"]
[Date "2009.03.09"]
[Round "4"]
[White "Vucinic,P"]
[Black "Scekic,V"]
[Result "0-1"]
[WhiteElo "2257"]
[BlackElo "2084"]
[EventDate "2009.03.06"]

1. e4 c6 2. d4 d5 3. e5 Bf5 4. Nf3 e6 5. Be2 h6 6. O-O Nd7 7. c3 a6 8. Ne1
c5 9. f4 Ne7 10. Be3 Nc6 11. Bd3 Bxd3 12. Qxd3 g6 13. Nd2 b5 14. Kh1 Be7
15. Nc2 Qb6 16. a3 c4 17. Qe2 h5 18. Rfb1 Qc7 19. Rg1 a5 20. b3 cxb3 21.
Nxb3 a4 22. Nd2 Na7 23. Rac1 Nb6 24. Nb4 Rc8 25. Nd3 Nc4 26. Nxc4 Qxc4 27.
Qd2 Qc7 28. Qe2 Rb8 29. Nb4 Qd7 30. Rb1 Rb7 31. Nc2 Qc6 32. Qd3 Kd7 33. Nb4
Qc7 34. Qd2 Ra8 35. Na6 Qa5 36. Nc5+ Bxc5 37. dxc5 Kc6 38. Qe2 Kc7 39. Qf2
Nc6 40. Qh4 Kb8 41. Qf2 Ka7 42. Qe2 Ka6 43. h3 Rc8 44. Rb2 Rcb8 45. Qd3 Ka7
46. Rgb1 Ka8 47. Kh2 Ka7 48. Qc2 Qa6 49. Rb4 Ka8 50. R4b2 Na5 51. Ra2 Qc6
52. Bd4 Nc4 53. Rb4 Ka7 54. Ra1 Ka6 55. Ra2 Ka5 56. Ra1 Qc7 57. Kh1 Ka6 58.
Kg1 Qc6 59. Kf1 Ka7 60. Kg1 Ra8 61. Kh1 Kb8 62. Qf2 Kc7 63. Ra2 Qd7 64. Ra1
Kc6 65. Qe2 Na5 66. Rab1 Nb3 67. Kh2 Ra5 68. R4xb3 axb3 69. Rxb3 Qc8 70.
Qf2 Qa8 71. Qb2 Qa6 72. Be3 Ra4 73. Bc1 Qa7 74. Be3 Qa5 75. Bc1 Qc7 76. Rb4
Qa5 77. Qf2 Qa7 78. Qc2 Rxa3 79. Bxa3 Qxa3 80. Qd3 Qc1 81. Qd4 Qa3 82. Rb1
Qxc5 83. Qd3 Ra7 84. Qd2 Ra3 85. Rc1 Qc4 86. Rc2 h4 87. Qf2 Ra4 88. g3
hxg3+ 89. Kxg3 Ra3 90. Kg4 Qe4 91. Kh4 g5+ 92. Kg4 Qf5+ 93. Kg3 gxf4+ 94.
Kh2 Qxe5 95. Re2 Qg5 0-1

[Event "10th EICC"]
[Site "Budva MNE"]
[Date "2009.03.09"]
[Round "4"]
[White "Drljevic,L"]
[Black "Kruljac,P"]
[Result "1/2-1/2"]
[WhiteElo "2244"]
[BlackElo "2052"]
[EventDate "2009.03.06"]

1. e4 e6 2. d3 d5 3. Nd2 Nf6 4. Ngf3 b6 5. c3 Bb7 6. Qe2 dxe4 7. dxe4 a5 8.
a4 Bc5 9. h3 O-O 10. e5 Nd5 11. Ne4 Ba6 12. Qc2 Bxf1 13. Kxf1 h6 14. h4 Be7
15. Rh3 Nd7 16. Bd2 c5 17. Re1 c4 18. Ng3 Nc5 19. Nh5 Kh8 20. Nd4 Qd7 21.
Qd1 Nd3 22. Nxg7 Rg8 23. Bxh6 Rxg7 24. Bxg7+ Kxg7 25. Rg3+ Kf8 26. Qh5 Ke8
27. Re4 Qxa4 28. Rg8+ Kd7 1/2-1/2

[Event "10th EICC"]
[Site "Budva MNE"]
[Date "2009.03.09"]
[Round "4"]
[White "Draskovic,L"]
[Black "Ketzetzis,G"]
[Result "1-0"]
[WhiteElo "1983"]
[BlackElo "2243"]
[EventDate "2009.03.06"]

1. e4 c6 2. d4 d5 3. Nc3 dxe4 4. Nxe4 Nd7 5. Bc4 Ngf6 6. Ng5 e6 7. Qe2 Nb6
8. Bd3 h6 9. N5f3 c5 10. Be3 a6 11. c3 Qc7 12. Ne5 Nbd5 13. Ngf3 Bd6 14.
O-O b5 15. Rfe1 Bb7 16. Rad1 c4 17. Bb1 Nxe3 18. fxe3 Ne4 19. Rf1 O-O 20.
Qe1 a5 21. Qh4 Qe7 22. Qxe7 Bxe7 23. a4 b4 24. Bxe4 Bxe4 25. Nd2 Bc2 26.
Ra1 Rac8 27. Rfc1 bxc3 28. bxc3 Bb3 29. Rcb1 Bc2 30. Rb5 f6 31. Nef3 Rc7
32. Ne1 Bg6 33. Rxa5 e5 34. Nef3 Rb8 35. Rb5 Rxb5 36. axb5 e4 37. Nh4 Be8
38. Rb1 Rb7 39. Nf5 Bf8 40. b6 g6 41. Ng3 1-0

[Event "10th EICC"]
[Site "Budva MNE"]
[Date "2009.03.09"]
[Round "4"]
[White "Medancic,R"]
[Black "Malureanu,C"]
[Result "1/2-1/2"]
[WhiteElo "2242"]
[BlackElo "2013"]
[EventDate "2009.03.06"]

1. d4 c5 2. dxc5 e6 3. Nc3 Nf6 4. e4 Nc6 5. f4 Bxc5 6. e5 Nd5 7. Nxd5 exd5
8. Qxd5 Qb6 9. Nh3 d6 10. Qb3 Qxb3 11. axb3 dxe5 12. c3 O-O 13. b4 Bb6 14.
Bd2 Bxh3 15. gxh3 exf4 16. Bxf4 Rad8 17. Rd1 Bf2+ 18. Kxf2 Rxd1 19. Rg1
Rfd8 20. b5 Ne7 21. Rg3 Ng6 22. Be3 f5 23. Rf3 f4 24. Bd4 Rd2+ 25. Ke1 Rxb2
26. Bc4+ Kh8 27. Rd3 Re8+ 28. Kf1 h6 29. Bf7 Ne5 30. Bxe5 Rxe5 31. Bg6 Rb1+
32. Kf2 Rb2+ 33. Kf1 Rb1+ 1/2-1/2

[Event "10th EICC"]
[Site "Budva MNE"]
[Date "2009.03.09"]
[Round "4"]
[White "Anicic,V"]
[Black "Fugulyan,G"]
[Result "1-0"]
[WhiteElo "2212"]
[BlackElo "1978"]
[EventDate "2009.03.06"]

1. e4 e5 2. Nf3 Nc6 3. Bc4 Nf6 4. Ng5 d5 5. exd5 Nd4 6. c3 b5 7. Bf1 Nxd5
8. cxd4 Qxg5 9. Bxb5+ Kd8 10. Qf3 e4 11. Qxe4 Bd6 12. h4 Qf5 13. Nc3 Qxe4+
14. Nxe4 Nb4 15. Kd1 Be6 16. b3 Rb8 17. Bc4 Bxc4 18. bxc4 Nc6 19. Ng5 Kd7
20. Nf3 Be7 21. d5 Na5 22. Ne5+ Kc8 23. d3 Bc5 24. Nf3 Bxf2 25. Bd2 Nb7 26.
Rb1 Nc5 27. Rxb8+ Kxb8 28. Ne5 Re8 29. Nc6+ Kb7 30. Rh3 Na6 31. Rf3 Bxh4
32. Rxf7 Bf6 33. Bf4 h5 34. Kd2 h4 35. a3 h3 36. gxh3 Rh8 37. Nb4 Nc5 1-0

[Event "10th EICC"]
[Site "Budva MNE"]
[Date "2009.03.09"]
[Round "4"]
[White "Vrhovnik,D"]
[Black "Mijovic,S"]
[Result "0-1"]
[WhiteElo "1976"]
[BlackElo "2300"]
[EventDate "2009.03.06"]

1. e4 c5 2. Nf3 e6 3. d4 cxd4 4. c3 d5 5. exd5 exd5 6. cxd4 Nf6 7. Be2 Bd6
8. Nc3 h6 9. O-O Nc6 10. h3 O-O 11. Be3 Bf5 12. Rc1 Rc8 13. Bd3 Be4 14.
Bxe4 dxe4 15. Ne5 Nxe5 16. dxe5 Bxe5 17. Bxa7 Qa5 18. Be3 Bxc3 19. Rxc3
Qxa2 20. Bd4 Rcd8 21. Ra3 Qe6 22. Qa4 Nd5 23. Rg3 f6 24. Re1 Rf7 25. Bc3 f5
26. Qd4 Rdd7 27. Qc4 Rde7 28. Rd1 Nxc3 29. Rxc3 Qf6 30. Re1 Re6 31. b3 0-1

[Event "10th EICC"]
[Site "Budva MNE"]
[Date "2009.03.09"]
[Round "4"]
[White "Chapman,T"]
[Black "Dinter,B"]
[Result "1-0"]
[WhiteElo "2251"]
[BlackElo "2055"]
[EventDate "2009.03.06"]

1. Nf3 d5 2. c4 c6 3. cxd5 cxd5 4. d4 Nf6 5. Nc3 Nc6 6. Bf4 a6 7. Rc1 e6 8.
e3 Bd6 9. Bg5 O-O 10. Bd3 Bd7 11. O-O b5 12. a4 b4 13. Nb1 Qb6 14. Nbd2
Rfc8 15. Bxf6 gxf6 16. Nh4 f5 17. Qe2 Ne7 18. Rxc8+ Rxc8 19. Ra1 b3 20. Qd1
Rb8 21. Nhf3 a5 22. g3 f6 23. Be2 Qb7 24. Nb1 Rc8 25. Nc3 Qb4 26. Bb5 Bc6
27. Ra3 Bxb5 28. Nxb5 Rc2 29. Nxd6 Qxd6 30. Rxb3 Qc6 31. Kg2 Rc1 32. Rb8+
Kg7 33. Qb3 Qc4 34. Qxc4 dxc4 35. Rb5 Rc2 36. Ne1 Rc1 37. Nf3 Rc2 38. Ne1
Rc1 39. Kf1 Rb1 40. Rc5 Rxb2 41. Rxc4 Ra2 42. Nd3 Nd5 43. Nf4 Ra1+ 44. Kg2
Kf7 45. Nxd5 exd5 46. Rc7+ Ke6 47. Rxh7 Rxa4 48. h4 Ra1 49. h5 Rb1 50. Ra7
Rb5 51. Kf3 Rb1 52. Ra6+ Kf7 53. Rxa5 Rh1 54. Rxd5 Rxh5 55. Kf4 Ke6 56. Rc5
Rg5 57. f3 Rg8 58. Rxf5 1-0

[Event "10th EICC"]
[Site "Budva MNE"]
[Date "2009.03.09"]
[Round "4"]
[White "Solic,K"]
[Black "Vukovic,K"]
[Result "1/2-1/2"]
[WhiteElo "2204"]
[BlackElo "2055"]
[EventDate "2009.03.06"]

1. e4 e6 2. d4 d5 3. Nd2 c5 4. exd5 Qxd5 5. Ngf3 Nf6 6. Bc4 Qd8 7. O-O cxd4
8. Nb3 Nc6 9. Nbxd4 Nxd4 10. Qxd4 Qxd4 11. Nxd4 a6 12. a4 Bd7 13. Rd1 Rc8
14. Bb3 Bc5 15. c3 O-O 16. Bg5 Ne4 17. Be3 Rfd8 18. Bc2 Nf6 19. Bg5 h6 20.
Bxf6 gxf6 21. Be4 Rc7 22. Nb3 Be7 23. Na5 Bc8 24. Rxd8+ Bxd8 25. Rd1 Be7
26. g3 f5 27. Bg2 Kg7 28. Rd4 Bc5 29. Rh4 b6 30. Nc6 f6 31. b4 Bf8 32. Rd4
e5 33. Rd8 e4 34. b5 axb5 35. axb5 Bd7 36. Bh3 Bxc6 37. bxc6 Rxc6 38. Bxf5
Rxc3 39. Rd7+ Kh8 40. Rd8 Kg7 41. Rd7+ Kh8 42. Rd8 Kg7 1/2-1/2

[Event "10th EICC"]
[Site "Budva MNE"]
[Date "2009.03.09"]
[Round "4"]
[White "Petovic,L"]
[Black "Elkin,L"]
[Result "0-1"]
[WhiteElo "2052"]
[BlackElo "2191"]
[EventDate "2009.03.06"]

1. d4 Nf6 2. c4 g6 3. Nc3 Bg7 4. e4 d6 5. Nf3 O-O 6. Be2 e5 7. d5 a5 8. a3
Ne8 9. O-O f5 10. Ne1 Nf6 11. f3 Nbd7 12. Be3 f4 13. Bf2 g5 14. b4 Ne8 15.
c5 axb4 16. axb4 Rxa1 17. Qxa1 Ndf6 18. Qd1 h5 19. h3 Rf7 20. Nd3 Bf8 21.
Nb5 Rg7 22. Na7 g4 23. Nxc8 Qxc8 24. hxg4 hxg4 25. fxg4 Nxe4 26. c6 b6 27.
Be1 N8f6 28. Bf3 Ng5 29. Bc3 Qd8 30. Nf2 Qe8 31. Qc2 Qf7 32. Qf5 Nxf3+ 33.
gxf3 Nxd5 34. Qd3 Nxc3 35. Qxc3 Rg6 36. Ra1 Qe6 37. Ra8 d5 38. b5 Kf7 39.
Rd8 e4 40. Rd7+ Kg8 41. Rxc7 e3 42. Nd3 e2 43. Ra7 Qe3+ 44. Kg2 Rxg4+ 45.
fxg4 Qg3+ 46. Kh1 Qh3+ 47. Kg1 Bc5+ 48. Qxc5 bxc5 49. c7 Qg3+ 50. Kh1 e1=Q+
51. Nxe1 Qxe1+ 52. Kh2 Qg3+ 53. Kh1 Qh3+ 54. Kg1 Qxg4+ 55. Kf1 Qh3+ 56. Kg1
f3 57. Kf2 d4 58. Ke1 Qg3+ 59. Kd1 Qg1+ 60. Kc2 Qf2+ 61. Kb3 Qe3+ 62. Ka4
Qe8 63. Rb7 Qa8+ 0-1

[Event "10th EICC"]
[Site "Budva MNE"]
[Date "2009.03.09"]
[Round "4"]
[White "Bajkovic,N"]
[Black "Mikavica,D"]
[Result "1-0"]
[WhiteElo "2180"]
[BlackElo "2034"]
[EventDate "2009.03.06"]

1. d4 d5 2. Nf3 Nf6 3. e3 Bg4 4. Nbd2 e6 5. Bd3 Nbd7 6. h3 Bh5 7. O-O c5 8.
c3 Be7 9. Qe1 Bxf3 10. Nxf3 O-O 11. Nd2 Rc8 12. f4 Ne8 13. g4 h6 14. Nf3
Nd6 15. Qg3 Nf6 16. g5 Nfe4 17. Qg2 hxg5 18. Kh2 g6 19. Rg1 gxf4 20. exf4
Kg7 21. dxc5 Nf5 22. Nd4 Nh4 23. Qe2 Nxc5 24. Bc2 Rh8 25. Be3 Kf8 26. Rg4
Nd7 27. Bxg6 e5 28. fxe5 Nxe5 29. Rf4 Qd6 30. Bf5 Rc4 31. Bg4 Nhg6 32. Kh1
Nxg4 33. Qxg4 Nxf4 34. Bxf4 Qg6 35. Qxg6 fxg6 36. Kg2 Bf6 37. Rf1 Bxd4 38.
Be5+ Ke7 39. Bxd4 Rhc8 40. Rf4 R8c6 41. Rh4 Rc7 42. Kf3 b5 43. Kf4 b4 44.
Ke5 bxc3 45. bxc3 R4c6 46. Kxd5 Rd6+ 47. Ke4 Re6+ 48. Kd3 Ra6 49. Rh6 Kd7
50. h4 Re6 51. c4 Rd6 52. Kc3 Re6 53. c5 Re4 54. Kc4 Rf4 55. a4 Kc8 56.
Rxg6 Rd7 57. Rd6 Rxd6 58. cxd6 Rxh4 59. Kd5 a6 60. Bf6 Kd7 61. Bxh4 1-0

[Event "10th EICC"]
[Site "Budva MNE"]
[Date "2009.03.09"]
[Round "4"]
[White "Rajcevic,S"]
[Black "Karisik,N"]
[Result "0-1"]
[WhiteElo "2161"]
[BlackElo "2023"]
[EventDate "2009.03.06"]

1. d4 Nf6 2. c4 g6 3. Nc3 Bg7 4. e4 d6 5. Nf3 O-O 6. h3 e5 7. d5 Na6 8. Bg5
Qe8 9. Be2 Nc5 10. Nd2 a5 11. g4 Nfd7 12. Rg1 f6 13. Be3 h6 14. h4 c6 15.
h5 g5 16. Nb3 a4 17. Nxc5 Nxc5 18. Bxc5 dxc5 19. Nxa4 Qd8 20. Nc3 Qa5 21.
Qd2 Rd8 22. Rg3 Bd7 23. Rd3 Be8 24. Rd1 Bf8 25. a3 Kg7 26. dxc6 Rxd3 27.
Bxd3 bxc6 28. Ne2 Qb6 29. Ng3 Rd8 30. Nf5+ Kf7 31. Kf1 Qb3 32. Ke2 Bd7 33.
Qc2 Qb8 34. Ne3 Be6 35. Kf1 Qc8 36. Be2 Rd4 37. Rxd4 exd4 38. Nf5 Qc7 39.
e5 Qxe5 40. Nxh6+ Bxh6 41. Qg6+ Ke7 42. Qh7+ Bf7 43. Qxh6 Qe4 44. f3 Qb1+
45. Kf2 Qc2 46. Ke1 d3 47. Bd1 d2+ 48. Ke2 Bxc4+ 49. Kf2 Qxd1 50. Qh7+ Kd6
0-1

[Event "10th EICC"]
[Site "Budva MNE"]
[Date "2009.03.09"]
[Round "4"]
[White "Jakic,V"]
[Black "Stamatovic,V"]
[Result "1-0"]
[WhiteElo "2154"]
[BlackElo "1974"]
[EventDate "2009.03.06"]

1. e4 e5 2. Nf3 Nc6 3. Bb5 Qf6 4. O-O Bc5 5. c3 Nge7 6. Re1 O-O 7. d4 Bb6
8. d5 Nd8 9. Bf1 h6 10. c4 d6 11. Be3 Bg4 12. Nbd2 g5 13. h3 Bd7 14. Nh2
Ng6 15. g3 Kg7 16. b4 c6 17. Ng4 Qe7 18. Bxb6 axb6 19. Ne3 f5 20. exf5 Bxf5
21. Nxf5+ Rxf5 22. Bd3 Rf8 23. Qh5 Nh8 24. Be4 Ra3 25. Re3 Ra8 26. a3 c5
27. b5 Qf7 28. Qe2 Ng6 29. Rc1 Ne7 30. Rf3 Qe8 31. Rcc3 Nf7 32. Bc2 Nh8 33.
Ne4 Nf5 34. Rxf5 Qd7 35. Rxf8 Rxf8 36. Qg4 1-0